000 01064nam a2200313 i 4500
003 EG-GICUC
005 20260415144125.0
008 260415b2001 ua |||fr|||| 00| 0 ara d
017 _a2001/3648
020 _a977-09-0701-4
040 _a EG-GICUC
_bara
_c EG-GICUC
_d EG-GICUC
_erda
082 0 4 _221
_a343.5
_bأ ح . ق
092 0 4 _221
099 _aLaw1 10 343.5 أ ح . ق 1968
100 1 _aاحمد فتحي سرور
_eمؤلف.
245 1 2 _aالقانون الجنائي الدستوري /
_cالدكتور احمد فتحي سرور .
250 _aالطبعة الاولي
264 1 _aالقاهرة :
_bدار الشروق،
_c2001.
300 _a527 صفحة ؛
_c24 سم
336 _2rda content
_atext
337 _2rda media
_aComputer
338 _2rda carrier
_aOnline Resource
546 _aالنص باللغة العربية
650 1 4 _aالقانون الجنائي الدولي
_2qrmak
651 1 _2qrmak
856 4 0 _uhttps://fll.law.cu.edu.eg/fulltext/bks/B10-09886.pdf
905 _a161
942 _2ddc
_cBK
_e21
_n0
999 _c71078
_d71078